Cómo lograr que las áreas urbanas funcionen

Enregistré dans:
Détails bibliographiques
Format: Texte
Sujets:
Tags: Ajouter un tag
Pas de tags, Soyez le premier à ajouter un tag!

MARC

LEADER 00000 a a2200000 04500
001 12854
003
040
245 |a Cómo lograr que las áreas urbanas funcionen  
650 |a PLANIFICACION URBANA  
650 |a PARTICIPACION SOCIAL  
650 |a ALIVIO DE LA POBREZA  
650 |a PROTECCION AMBIENTAL  
650 |a POLITICA URBANA  
773 |g volumen 30, número 4; páginas 14-20  
999 |c 29138  |d 29138